[Event "NOR-ch Class2"]
[Site "Oslo"]
[Date "2015.07.04"]
[Round "6"]
[White "Ferkingstad, Trond"]
[Black "Ness, Jarle"]
[Result "1-0"]
[WhiteElo "1632"]
[BlackElo "1630"]
[PlyCount "99"]
[EventDate "2015.07.04"]
[EventType "swiss"]
[EventRounds "9"]
[EventCountry "NOR"]
[SourceTitle "EXT 2017"]
[Source "ChessBase"]
[SourceDate "2016.10.25"]
[SourceVersion "1"]
[SourceVersionDate "2016.10.25"]
[SourceQuality "1"]

1. e4 c5 2. Nf3 d6 3. d4 cxd4 4. Qxd4 Nc6 5. Bb5 Bd7 6. Bxc6 Bxc6 7. c4 Nf6 8. Nc3 g6 9. 0-0 Bg7 10. Bg5 0-0 11. Qd2 Qa5 12. Nd5 Qxd2 13. Nxe7+ Kh8 14. Nxd2 Nxe4 15. Nxe4 Bxe4 16. Rfe1 Bxb2 17. Rad1 Bc6 18. Nxc6 bxc6 19. Rxd6 Rfe8 20. Kf1 Bc3 21. Bf6+ Bxf6 22. Rxf6 Rxe1+ 23. Kxe1 Rb8 24. Rxc6 Rb1+ 25. Ke2 Rb2+ 26. Ke3 Rxa2 27. c5 a5 28. Ra6 a4 29. Kd3 Ra1 30. Kc2 Ra2+ 31. Kb1 Ra3 32. Kb2 Rb3+ 33. Kc2 Rb5 34. c6 Kg7 35. Kd3 Rc5 36. Kd4 Rc2 37. Kd5 Rd2+ 38. Kc5 Rc2+ 39. Kb6 Rb2+ 40. Ka7 Rc2 41. Kb7 Rb2+ 42. Kc8 Rxf2 43. c7 Rxg2 44. Kb7 Rb2+ 45. Rb6 Rc2 46. Rc6 Rb2+ 47. Ka7 a3 48. c8Q a2 49. Ra6 Rxh2 50. Qc4 1-0